000 00788nas a2200253 4500
001 BR9502530
003 BR-BrBNA
005 20231205094007.0
007 ta
008 230509b bl.|||p| |||| 00| 00por d
040 _aBR-BrBNA
_bpor
_cBiblioteca Nacional de Agricultura
041 _a(Pt)
072 _aQ04
100 1 _aGioielli, L.A.
100 1 _aPitombo, R.N. de M.
100 1 _aSakate, M.S.
245 1 _aEfeito da atividade de agua na formacao de compostos volateis durante a oxidacao do oleo de amendoim bruto
650 _aAmendoim
650 _aOleo
650 _aOxidacao
773 0 _tCiencia e Tecnologia de Alimentos (Brazil)
_xISSN 0101-2061
_g(Jan-Jun 1992), v. 12(1) p. 35-42
_wBR9502530
909 _a202311
_bLúcia
_c55
_dLúcia Elande
942 _2AGRIS
_n0
_cANA
999 _c141485
_d141485